Statistika daně důchodové placené přímo, daně z vyššího služného, daně rentové placené přímo, všeobecné a zvláštní daně výdělkové za rok 1928

Enregistré dans:
Détails bibliographiques
Autres auteurs: Nezhyba, František
Format: Livre
Langue:tchèque
Publié: Praha Státní úřad statistický 1932
Édition:1. vyd.
Collection:Československá statistika Sv.82
Sujets:
Tags: Ajouter un tag
Pas de tags, Soyez le premier à ajouter un tag!

MARC

LEADER 00000nam a2200000 4500
001 c010281
005 20221207072724.4
041 0 |a cze 
044 |a CZ 
245 1 0 |a Statistika daně důchodové placené přímo, daně z vyššího služného, daně rentové placené přímo, všeobecné a zvláštní daně výdělkové za rok 1928  |c Hl. zost. František Nezhyba 
250 |a 1. vyd. 
264 1 |a Praha  |b Státní úřad statistický  |c 1932 
300 |a 449 s. 
490 1 |a Československá statistika  |v Sv.82 
830 0 |a Československá statistika  |v Sv.82 
610 2 0 |a štatistika 
610 2 0 |a dane dôchodkové 
610 2 0 |a dane z príjmov 
610 2 0 |a dane z nehnuteľností 
610 2 0 |a dane zo mzdy 
700 1 |a Nezhyba, František